Historia de la ciencia jurídica europea

Zapisane w:
Opis bibliograficzny
1. autor: Cannata, Carlo Augusto (Autor)
Format: Książka
Język:hiszpański
Wydane: Madrid Tecnos 1996
Hasła przedmiotowe:
Etykiety: Dodaj etykietę
Nie ma etykietki, Dołącz pierwszą etykiete!

MARC

LEADER 00000nam a2200000 a 4500
001 UCP3459
003 CL-VaPUC
008 990625e19960000SP |||||||||||||||||spa|d
082 0 4 |a 348.04  |b CAN  |2 21 
100 0 |a Cannata, Carlo Augusto  |e author  |9 430733 
245 1 0 |a Historia de la ciencia jurídica europea 
300 |a 242 p 
942 |c BK 
945 |d 19990625 00:00:00  |a vberengu 
260 |a Madrid  |b Tecnos  |c 1996 
650 0 |a Historia  |9 255047 
650 0 |a Jurisprudencia  |9 255952 
650 0 |a Derecho privado  |9 258243 
650 0 |a Derecho natural   |9 255041 
650 0 |a Código civil  |9 256135 
650 0 |a Common Law (derecho anglosajón, derecho inglés)  |9 380793 
650 7 |a EQUIDAD  |2 CL-VaPUC  |9 256656 
651 0 |a Europa  |9 255156 
583 |a last modification  |c 19990625 00:00:00  |k Rodrigo Vera 
999 |c 281775  |d 281773 
952 |0 0  |1 0  |4 0  |6 348_040000000000000_CAN_1996  |7 0  |8 X  |9 322761  |a BIBDER  |b BIBDER  |d 2019-11-20  |i 3489922  |o 348.04 CAN 1996  |p 3489922  |r 2019-11-20  |w 2019-11-20  |y BK_X  |k DER